Statistics for One Piece - General Knowledge #5

Click here to take the quiz!

General Stats

  • This quiz has been taken 90 times
  • The average score is 15 of 20

Answer Stats

HintAnswer% Correct
Former 1st Division Commander of the Whitebeard PiratesMarco
95%
Known as the strongest swordsman in the world, defeated Zoro in the Baratie ArcDracule Mihawk
88%
Island which is located in the sea 10,000 metres below the Red LineFish-Man Island
87%
Specialized type of compass used to navigate on the Grand LineLog Pose
86%
Daughter of Big Mom who Sanji was supposed to marryCharlotte Pudding
82%
Food that Rika brought Zoro when he was captured at the Marine base in Shells TownOnigiri
82%
Small ball that makes Chopper able to transform into more forms after ingestionRumble Ball
82%
Kaido's son, user of the Inu Inu no Mi, Model: Okuchi no MakamiYamato
80%
Devil fruit eaten by KatakuriMochi Mochi no Mi
76%
Artificial Zoan-type Devil fruits made from SAD, invented by Caesar ClownSMILE
75%
Giant elephant on which the Mink Tribe livesZunesha
70%
Group of pirates that places bounties on marines, led by 3 former ShichibukaiCross Guild
68%
Type of paper which moves towards other pieces of the same paper; made out of a person's fingernail clippingsVivre Card
68%
Toy that Kyros had to live as for 10 yearsSoldier
66%
Blackbeard's favorite food; also Luffy's least favorite food{Cherry} Pie
64%
Marine lieutenant commander, former member of the Black Cat PiratesJango
63%
Favorite song of Brook, Laboon and Yorki; lyrics start with "Yohohoho"Bink's Sake
62%
Name of Usopp's slingshotKabuto
58%
Luffy's hometown; lies in the Goa KingdomFoosha Village
53%
Pirate crew the Straw Hats meet on the Sabaody Archipelago after the timeskip; featuring the Caribou Pirates, Albion and Lip Doughty
Fake Straw Hat Crew
47%

Score Distribution

Percentile by Number Answered

Percent of People with Each Score

Your Score History

You have not taken this quiz